Capitales du monde en 5 lettres - Statistiques

Statistiques générales
  • Ce quiz a été pris 292 fois
    237 depuis la dernière actualisation
  • Le résultat moyen est 14 sur 25
Statistiques - réponses
Continent Capital % Correct
Paris
94%
Pékin
77%
Europe Berne
75%
Alger
74%
Tokyo
72%
Tunis
72%
Rabat
67%
Minsk
61%
Dacca
60%
Vaduz
59%
Damas
57%
Sofia
57%
Sanaa
51%
Séoul
51%
Accra
48%
Riyad
48%
Amérique Quito
47%
Bakou
44%
Dakar
44%
Hanoi
43%
Afrique Abuja
41%
Asie Amman
40%
Sucre
39%
Océanie Yaren
36%
Praia
26%
Aucun quiz correspondant
Distribution des résultats
% des personnes avec chaque résultat
Percentile par nombre de réponses
Votre historique - résultats
Vous n’avez pas pris ce quiz depuis la dernière actualisation